Aproximación a un concepto de contabilidad ambiental (Registro nro. 30783)

Detalles MARC
000 -CABECERA
Longitud fija campo de control 00940nam a2200241 a 4500
003 - • IDENTIFICADOR DELl NÚMERO DE CONTROL
Identificador del número de control CO-ViMGA
008 - • CÓDIGOS DE INFORMACIÓN DE LONGITUD FIJA
Códigos de información de longitud fija 141112s2004 ck r 000 u spa d
040 ## - FUENTE DE LA CATALOGACIÓN
Centro catalogador de origen CO-ViMGA
Lengua de catalogación spa
Centro transcriptor CO-ViMGA
082 04 - • NÚMERO DE LA CLASIFICACIÓN DECIMAL DEWEY
Número de clasificación (R) 657 B171a
100 1# - • PUNTO DE ACCESO PRINCIPAL-NOMBRE DE PERSONA
Nombre de persona Barraza Caro, Frank Eduardo
245 10 - • TITULO PROPIAMENTE DICHO
Título Aproximación a un concepto de contabilidad ambiental
300 ## - • DESCRIPCIÓN FÍSICA
Extensión 188
490 ## - • MENCIÓN DE SERIE
Mención de serie Libros de texto
505 ## - • NOTA DE CONTENIDO CON FORMATO
Nota de contenido con formato Notas acerca de la formación de conceptos 17 - - Notas sobre la contabilidad ambiental 25 - - Conceptos fundamentales en relación en el medio ambiente 41 - 66
590 ## - NOTAS LOCALES
Nota local Forma de adquisición : Donación - - Precio : 13000 - - Fecha de adquisición : 2008
650 14 - • PUNTO DE ACCESO ADICIONAL DE MATERIA - TÉRMINO DE MATERIA
Término de materia o nombre geográfico como elemento inicial AUDITORIA AMBIENTAL
650 14 - • PUNTO DE ACCESO ADICIONAL DE MATERIA - TÉRMINO DE MATERIA
Término de materia o nombre geográfico como elemento inicial CONTABILIDAD AMBIENTAL
650 14 - • PUNTO DE ACCESO ADICIONAL DE MATERIA - TÉRMINO DE MATERIA
Término de materia o nombre geográfico como elemento inicial Política AMBIENTAL
650 14 - • PUNTO DE ACCESO ADICIONAL DE MATERIA - TÉRMINO DE MATERIA
Término de materia o nombre geográfico como elemento inicial PROTECCIóN DEL MEDIO AMBIENTE
942 ## - ENTRADA DE ELEMENTOS AGREGADOS (KOHA)
Fuente de clasificaión o esquema Dewey Decimal Classification
Koha [por defecto] tipo de item LIbro
Existencias
Perdido Fuente de clasificación o esquema Estado Físico No para préstamo Forma de adquisición Localización permanente Localización actual Fecha adquisición Serie de enumeración / cronolog&íacute;a Préstamos totales Signatura completa Código de barras Fecha última consulta Número de copia Fecha del precio de reemplazo Tipo de item de Koha
  Dewey Decimal Classification     Sala General Segundo Piso Biblioteca Pública Germán Arciniegas - Villavicencio Biblioteca Pública Germán Arciniegas - Villavicencio 12/04/2015 Volumen. 1 | 11/jun/2009   657 B171a 22477 12/04/2015 Ej. 1 12/04/2015 LIbro









Instituto Departamental de Cultura del Meta - Red Departamental de Bibliotecas Públicas del Meta.